|
|
|
|
| LEADER |
00000cam a2200000 7i4500 |
| 001 |
0000212208 |
| 005 |
20250804150328.0 |
| 020 |
|
|
|a 9787538593686
|
| 090 |
0 |
0 |
|a JFM
|b ANW
|
| 100 |
1 |
|
|a An Wu Ling
|
| 245 |
1 |
0 |
|a Feng sheng yan yi = The play
|c An Wu Ling
|
| 260 |
|
|
|a Chang Chun, China :
|b Bei Fang Fu Nu Publishing ,
|c 2016
|
| 300 |
|
|
|a 160p. :
|b ill. ;
|c 14cm.
|
| 490 |
0 |
|
|a Famous artist classical reading
|
| 650 |
|
0 |
|a Children's stories, Chinese
|
| 650 |
|
0 |
|a Chinese fiction
|
| 650 |
|
0 |
|a Chinese language
|
| 999 |
|
|
|a 00341423
|b BUKU
|c JUNIOR FICTION MANDARIN COLLECTION
|e PERPUSTAKAAN KOMUNITI PETALING JAYA
|